| 000 | 00898nam a22002297a 4500 | ||
|---|---|---|---|
| 003 | OSt | ||
| 005 | 20240810155851.0 | ||
| 008 | 141020b xxu||||| |||| 00| 0 eng d | ||
| 040 |
_aNISER LIBRARY _cNISER LIBRARY |
||
| 041 | _aEnglish | ||
| 082 |
_a54.057 _bDAS-S |
||
| 100 | _aDas, Sudhir Kumar | ||
| 245 | _aStudies on the dynamics of solvation and rotational relazation of some well-known dipolar fluorescent probes in room temperature ionic liquids | ||
| 260 |
_aBhubaneswar _bNISER _c2014 |
||
| 300 | _a192p. | ||
| 502 |
_aA thesis submitted to the Board of Studies in chemical Sciences in partial fulfillment of the requirements for the degree of Ph.D. _bDoctor of Philosophy _cSchool of Chemical Sciences _d2014 |
||
| 650 | _aCHEMISTRY | ||
| 650 | _aIONIC LIQUIDS | ||
| 700 | _aSarkar, Moloy | ||
| 856 | _uhttp://idr.niser.ac.in:8080/jspui/handle/123456789/749 | ||
| 942 |
_cTHPHD _2udc |
||
| 999 |
_c20563 _d20563 |
||